00617nam a2200169Ia 450000500170000000800410001708200130005810000150007124500220008625000090010826000360011730000300015350001480018394200060033195200950033799900150043220250122051627.0240331s9999 xx 000 0 und d bNARa920 aNarayan, J 0aPrison Diary 1975 a2nd  aBombaybPopular Prakashanc1977 axii, 144 p ., ( 2nd copy) aMr. Jayaprakash Narayan's Prison Diary is a historic Document whose significance will outlive the circumstances in which it came to be written. cL 001040708LaWERCLbWERCLcSSCd2024-03-31l0o 920 NARp4913r2024-03-31w2024-03-31yL c3449d3449